You Stole The Show - Sienna Spiro [paroles] - Statistiques

Statistiques générales
  • Ce quiz a été pris 12 fois
    10 depuis la dernière actualisation
  • Le résultat moyen est 175 sur 230
Statistiques - réponses
Réponse % Correct
I
100%
a
86%
again
86%
arms
86%
came
86%
control,
86%
different
86%
from
86%
I'm
86%
i'm
86%
in
86%
lost
86%
makes
86%
me
86%
me,
86%
my
86%
No
86%
safe
86%
show,
86%
Show
86%
show
86%
stage,
86%
stole
86%
that
86%
That
86%
the
86%
The
86%
time
86%
You
86%
you
86%
your
86%
you're
86%
adrenaline
71%
all,
71%
an
71%
and
71%
ask
71%
back
71%
be
71%
before
71%
but
71%
can't
71%
closer
71%
don't
71%
got
71%
hate
71%
hello,
71%
if
71%
I'll
71%
impatient
71%
it
71%
just
71%
just,
71%
love
71%
love,
71%
myself,
71%
ovation
71%
say
71%
shiver
71%
shoulders
71%
shrug
71%
so
71%
standing
71%
this
71%
to
71%
wait,
71%
we
71%
Wrap
71%
yeah,
71%
at
57%
chase
57%
cold,
57%
crowd's
57%
define,
57%
face,
57%
genuine,
57%
get
57%
green,
57%
here
57%
into
57%
left
57%
moment
57%
Now
57%
oh,
57%
pavement
57%
save
57%
sink
57%
smoke
57%
blowing
43%
'Cause
43%
coming
43%
end,
43%
Made
43%
scene
43%
turns
43%
will
43%
won't
43%
through,
29%
We're
29%
Aucun quiz correspondant
Distribution des résultats
% des personnes avec chaque résultat
Percentile par nombre de réponses
Votre historique - résultats
Vous n’avez pas pris ce quiz depuis la dernière actualisation